000 00545nam a2200181 i 4500
001 59226
003 ES-MaACL
005 20251014063122.0
007 t|
008 031028s1909 fr ||||1| fre d
100 1 _aEmerson, Ralph Waldo,
_d1803-1882
_947147
245 1 3 _aLa conduita de la vie /
_cR.W. Emerson ; traduction de M. Dugard.
260 _aParis :
_b[s.n.],
_c1909 (
_eCoulommiers :
_fPaul Brodard)
300 _a294 p. ;
_c18 cm.
700 1 _aDugard, M.
_945924
852 _aES-MaACL
_jF-10368
999 _c59226
_d59226